[Event "EUYCC 2025 - U10"]
[Site "?"]
[Date "2025.08.20"]
[Round "2.8"]
[White "Vratny, Vojtech"]
[Black "Hornacek, Tomas"]
[Result "0-1"]
[BlackElo "1710"]
[WhiteElo "1645"]
[LiveChessVersion "1.4.8"]

1. c4 {[%clk 1:30:55]} c5 {[%clk 1:30:35]} 2. g3 {[%clk 1:30:49]} e6
{[%clk 1:29:04]} 3. Nf3 {[%clk 1:30:02]} Nf6 {[%clk 1:28:54]} 4. Bg2
{[%clk 1:29:09]} Be7 {[%clk 1:28:25]} 5. O-O {[%clk 1:28:50]} O-O
{[%clk 1:28:35]} 6. d4 {[%clk 1:27:16]} cxd4 {[%clk 1:27:59]} 7. Nxd4
{[%clk 1:27:19]} d5 {[%clk 1:27:29]} 8. cxd5 {[%clk 1:26:27]} Nxd5
{[%clk 1:27:21]} 9. e4 {[%clk 1:22:49]} Nf6 {[%clk 1:26:47]} 10. Nc3
{[%clk 1:18:09]} Nbd7 {[%clk 1:24:01]} 11. Be3 {[%clk 1:10:17]} Ne5
{[%clk 1:21:46]} 12. Nf3 {[%clk 1:03:19]} Nxf3+ {[%clk 1:21:05]} 13. Bxf3
{[%clk 1:02:49]} Bd7 {[%clk 1:18:44]} 14. e5 {[%clk 0:59:37]} Ne8
{[%clk 1:18:45]} 15. Bxb7 {[%clk 0:56:51]} Rb8 {[%clk 1:19:11]} 16. Be4
{[%clk 0:57:02]} Rxb2 {[%clk 1:19:06]} 17. Qh5 {[%clk 0:54:52]} g6
{[%clk 1:18:43]} 18. Qh6 {[%clk 0:54:21]} Qc7 {[%clk 1:16:55]} 19. Bd4
{[%clk 0:40:22]} Rb4 {[%clk 1:17:05]} 20. Rad1 {[%clk 0:39:24]} Ba4
{[%clk 1:07:39]} 21. Nxa4 {[%clk 0:37:35]} Rxa4 {[%clk 1:07:54]} 22. h4
{[%clk 0:36:22]} Ng7 {[%clk 1:07:24]} 23. Rc1 {[%clk 0:22:36]} Qd8
{[%clk 1:06:51]} 24. Be3 {[%clk 0:20:37]} Rxe4 {[%clk 1:06:45]} 25. Rfd1
{[%clk 0:20:56]} Qa5 {[%clk 1:06:34]} 26. Rd7 {[%clk 0:20:07]} Qa3
{[%clk 1:05:57]} 27. Rxe7 {[%clk 0:19:36]} Nf5 {[%clk 1:03:50]} 28. Qg5
{[%clk 0:19:17]} Qxe7 {[%clk 1:03:51]} 29. Qxe7 {[%clk 0:18:23]} Nxe7
{[%clk 1:04:12]} 30. Bg5 {[%clk 0:18:38]} Nd5 {[%clk 1:04:21]} 31. Bh6
{[%clk 0:18:50]} Rb8 {[%clk 1:04:04]} 32. f4 {[%clk 0:19:01]} Ra4
{[%clk 1:03:11]} 33. Kf1 {[%clk 0:18:07]} Rxa2 {[%clk 1:03:14]} 0-1

[Event "EUYCC 2025 - U10"]
[Site "?"]
[Date "2025.08.20"]
[Round "2.9"]
[White "Plancarova, Monika"]
[Black "Bostina, Vladimir-Ioan"]
[Result "0-1"]
[BlackElo "1697"]
[WhiteElo "1406"]
[LiveChessVersion "1.4.8"]

1. e4 {[%clk 1:30:55]} c5 {[%clk 1:30:54]} 2. d4 {[%clk 1:31:20]} cxd4
{[%clk 1:31:19]} 3. c3 {[%clk 1:31:42]} dxc3 {[%clk 1:31:40]} 4. Nxc3
{[%clk 1:32:01]} e6 {[%clk 1:31:56]} 5. Nf3 {[%clk 1:32:22]} a6 {[%clk 1:32:18]}
6. Bc4 {[%clk 1:31:44]} b5 {[%clk 1:32:36]} 7. Bd3 {[%clk 1:31:03]} Ne7
{[%clk 1:31:03]} 8. Bf4 {[%clk 1:28:33]} Ng6 {[%clk 1:27:54]} 9. Bg3
{[%clk 1:27:25]} Be7 {[%clk 1:25:51]} 10. h3 {[%clk 1:22:53]} O-O
{[%clk 1:25:47]} 11. O-O {[%clk 1:21:27]} Nc6 {[%clk 1:19:24]} 12. Re1
{[%clk 1:18:02]} d6 {[%clk 1:12:49]} 13. Qc2 {[%clk 1:17:21]} Bb7
{[%clk 0:59:31]} 14. Rad1 {[%clk 1:16:55]} Nb4 {[%clk 0:36:40]} 15. Qb3
{[%clk 1:15:39]} d5 {[%clk 0:30:02]} 16. Ne5 {[%clk 1:11:18]} Nxe5
{[%clk 0:11:25]} 17. Bxe5 {[%clk 1:11:14]} Nc6 {[%clk 0:10:46]} 18. Bg3
{[%clk 1:11:01]} Nd4 {[%clk 0:10:59]} 19. Bc7 {[%clk 1:05:33]} Qc8
{[%clk 0:03:08]} 20. Nxd5 {[%clk 1:04:30]} Nxb3 {[%clk 0:01:19]} 21. Nxe7+
{[%clk 1:04:49]} Kh8 {[%clk 0:01:48]} 22. Nxc8 {[%clk 1:05:04]} Raxc8
{[%clk 0:01:15]} 23. axb3 {[%clk 1:04:58]} Rxc7 {[%clk 0:01:36]} 24. f4
{[%clk 1:04:09]} g6 {[%clk 0:01:41]} 25. Rf1 {[%clk 1:03:40]} Rd8
{[%clk 0:01:00]} 26. f5 {[%clk 1:03:38]} Rcd7 {[%clk 0:00:41]} 27. Rf3
{[%clk 1:02:53]} Bxe4 {[%clk 0:00:43]} 28. Bxe4 {[%clk 1:00:06]} Rxd1+
{[%clk 0:01:10]} 29. Kh2 {[%clk 1:00:11]} exf5 {[%clk 0:01:28]} 30. Bb7
{[%clk 1:00:14]} R8d3 {[%clk 0:01:00]} 31. Rf4 {[%clk 0:59:30]} Rd4
{[%clk 0:01:00]} 32. Rf3 {[%clk 0:59:26]} R1d3 {[%clk 0:01:12]} 33. Rf2
{[%clk 0:59:38]} Rxb3 {[%clk 0:01:07]} 34. Bxa6 {[%clk 0:59:55]} Rdb4
{[%clk 0:01:26]} 35. Rd2 {[%clk 0:58:48]} Rxb2 {[%clk 0:01:35]} 36. Rd8+
{[%clk 0:59:14]} Kg7 {[%clk 0:02:00]} 37. Bb7 {[%clk 0:58:35]} Re2
{[%clk 0:00:52]} 38. Bf3 {[%clk 0:58:18]} Re7 {[%clk 0:00:54]} 39. Rb8
{[%clk 0:57:06]} Rb2 {[%clk 0:01:11]} 40. Bc6 {[%clk 0:57:15]} b4
{[%clk 0:00:47]} 41. Ba4 {[%clk 0:56:47]} Ree2 {[%clk 0:00:35]} 42. Bc6
{[%clk 0:56:29]} b3 {[%clk 0:00:38]} 43. Bd5 {[%clk 0:56:46]} Red2
{[%clk 0:00:41]} 44. Rb5 {[%clk 0:56:16]} Re2 {[%clk 0:00:43]} 45. Rb7
{[%clk 0:56:05]} Kf6 {[%clk 0:00:36]} 46. Bf3 {[%clk 0:55:46]} Re7
{[%clk 0:00:44]} 47. Rb6+ {[%clk 0:55:52]} Kg7 {[%clk 0:01:01]} 48. Bd5
{[%clk 0:56:01]} Rd7 {[%clk 0:01:12]} 49. Bc6 {[%clk 0:56:11]} Rd6
{[%clk 0:01:20]} 50. Ra6 {[%clk 0:54:06]} Rc2 {[%clk 0:01:43]} 51. Bb7
{[%clk 0:53:36]} Rxa6 {[%clk 0:02:01]} 52. Bxa6 {[%clk 0:53:56]} b2
{[%clk 0:02:25]} 53. Bd3 {[%clk 0:54:16]} b1=Q {[%clk 0:02:44]} 54. Bxc2
{[%clk 0:54:28]} Qxc2 {[%clk 0:03:08]} 55. Kh1 {[%clk 0:54:31]} Qf2
{[%clk 0:03:16]} 56. Kh2 {[%clk 0:54:39]} f4 {[%clk 0:03:35]} 57. h4
{[%clk 0:54:46]} f3 {[%clk 0:03:57]} 58. Kh3 {[%clk 0:54:42]} Qxg2#
{[%clk 0:04:19]} 0-1

[Event "EUYCC 2025 - U10"]
[Site "?"]
[Date "2025.08.20"]
[Round "2.10"]
[White "Grigore, Melania-Cristina"]
[Black "Macharacek, Jakub"]
[Result "1/2-1/2"]
[BlackElo "1677"]
[WhiteElo "1433"]
[LiveChessVersion "1.4.8"]

1. e4 {[%clk 1:30:58]} e5 {[%clk 1:30:52]} 2. Nf3 {[%clk 1:31:17]} Nc6
{[%clk 1:31:14]} 3. Bc4 {[%clk 1:31:45]} Bc5 {[%clk 1:31:37]} 4. c3
{[%clk 1:32:10]} Nf6 {[%clk 1:32:04]} 5. d4 {[%clk 1:32:36]} exd4
{[%clk 1:32:22]} 6. cxd4 {[%clk 1:33:02]} Bb4+ {[%clk 1:32:35]} 7. Bd2
{[%clk 1:33:21]} Bxd2+ {[%clk 1:32:58]} 8. Nbxd2 {[%clk 1:33:46]} d5
{[%clk 1:33:15]} 9. exd5 {[%clk 1:34:11]} Nxd5 {[%clk 1:33:16]} 10. Qb3
{[%clk 1:34:36]} Nce7 {[%clk 1:26:59]} 11. O-O {[%clk 1:34:33]} O-O
{[%clk 1:24:23]} 12. Rfe1 {[%clk 1:33:59]} c6 {[%clk 1:15:34]} 13. Ne4
{[%clk 1:30:59]} Qb6 {[%clk 1:03:10]} 14. Qxb6 {[%clk 1:27:17]} axb6
{[%clk 0:55:56]} 15. Nc3 {[%clk 1:24:37]} Be6 {[%clk 0:25:28]} 16. Ng5
{[%clk 1:19:57]} Nf5 {[%clk 0:22:33]} 17. Nxe6 {[%clk 1:15:02]} fxe6
{[%clk 0:22:29]} 18. Rxe6 {[%clk 1:15:15]} Nxd4 {[%clk 0:22:36]} 19. Bxd5
{[%clk 1:15:31]} Nxe6 {[%clk 0:22:49]} 20. Bxe6+ {[%clk 1:15:56]} Kh8
{[%clk 0:23:14]} 21. g3 {[%clk 1:14:46]} Rae8 {[%clk 0:21:13]} 22. Bb3
{[%clk 1:13:24]} b5 {[%clk 0:17:46]} 23. Rd1 {[%clk 1:06:54]} Rd8
{[%clk 0:12:51]} 24. Rxd8 {[%clk 1:06:47]} Rxd8 {[%clk 0:13:03]} 25. Ne4
{[%clk 1:06:45]} Rd4 {[%clk 0:12:34]} 26. f3 {[%clk 1:07:08]} b6 {[%clk 0:12:01]}
27. Kf2 {[%clk 1:07:14]} c5 {[%clk 0:11:48]} 28. Ke3 {[%clk 1:06:52]} b4
{[%clk 0:09:37]} 29. g4 {[%clk 1:03:40]} g6 {[%clk 0:08:23]} 30. Ng5
{[%clk 1:00:29]} h6 {[%clk 0:05:25]} 31. Ne4 {[%clk 0:59:55]} Kg7
{[%clk 0:04:53]} 32. h4 {[%clk 0:58:24]} Rd8 {[%clk 0:03:05]} 33. g5
{[%clk 0:57:53]} hxg5 {[%clk 0:03:01]} 34. Nxg5 {[%clk 0:58:05]} Kf6
{[%clk 0:02:35]} 35. Nh7+ {[%clk 0:57:21]} Kg7 {[%clk 0:02:35]} 36. Ng5
{[%clk 0:57:24]} Kf6 {[%clk 0:02:39]} 37. Nf7 {[%clk 0:57:20]} Rd4
{[%clk 0:02:16]} 38. f4 c4 39. Kxd4 cxb3 1/2-1/2

[Event "EUYCC 2025 - U10"]
[Site "?"]
[Date "2025.08.20"]
[Round "2.11"]
[White "Grigorescu, Stefan"]
[Black "Ser, Karina"]
[Result "1-0"]
[BlackElo "1427"]
[WhiteElo "1465"]
[LiveChessVersion "1.4.8"]

1. Nf3 {[%clk 1:30:51]} d5 {[%clk 1:30:30]} 2. c4 {[%clk 1:31:15]} c6
{[%clk 1:29:51]} 3. b3 {[%clk 1:31:22]} e6 {[%clk 1:29:45]} 4. Bb2
{[%clk 1:31:36]} f5 {[%clk 1:29:18]} 5. g3 {[%clk 1:31:34]} Nf6 {[%clk 1:29:02]}
6. Bg2 {[%clk 1:31:36]} Bd6 {[%clk 1:28:54]} 7. O-O {[%clk 1:31:27]} O-O
{[%clk 1:28:57]} 8. e3 {[%clk 1:30:45]} Nbd7 {[%clk 1:27:07]} 9. d4
{[%clk 1:30:19]} b6 {[%clk 1:27:02]} 10. Ng5 {[%clk 1:25:56]} Qe7
{[%clk 1:26:05]} 11. f4 {[%clk 1:24:13]} h6 {[%clk 1:25:34]} 12. Nf3
{[%clk 1:24:37]} c5 {[%clk 1:24:39]} 13. Ne5 {[%clk 1:24:39]} Bxe5
{[%clk 1:24:29]} 14. fxe5 {[%clk 1:24:37]} Ne4 {[%clk 1:23:59]} 15. Nc3
{[%clk 1:24:12]} Bb7 {[%clk 1:23:08]} 16. Nxe4 {[%clk 1:20:22]} fxe4
{[%clk 1:22:45]} 17. Qg4 {[%clk 1:15:36]} Rae8 {[%clk 1:15:57]} 18. Bh3
{[%clk 1:11:50]} Rxf1+ {[%clk 1:11:24]} 19. Rxf1 {[%clk 1:11:51]} Nf8
{[%clk 1:11:30]} 20. Ba3 {[%clk 1:09:53]} Nh7 {[%clk 1:10:54]} 21. cxd5
{[%clk 0:55:16]} Bxd5 {[%clk 1:10:01]} 22. Rc1 {[%clk 0:52:13]} Rc8
{[%clk 1:08:24]} 23. Bg2 {[%clk 0:49:33]} Ng5 {[%clk 1:08:06]} 24. h4
{[%clk 0:49:45]} Nf3+ {[%clk 1:08:26]} 25. Bxf3 {[%clk 0:50:01]} exf3
{[%clk 1:08:38]} 26. e4 {[%clk 0:49:07]} Bb7 {[%clk 1:07:10]} 27. Qxf3
{[%clk 0:48:30]} Qd7 {[%clk 1:06:43]} 28. Rd1 {[%clk 0:39:38]} cxd4
{[%clk 1:05:24]} 29. Bb2 {[%clk 0:34:16]} Qc6 {[%clk 1:02:08]} 30. Rxd4
{[%clk 0:31:42]} Qc2 {[%clk 1:01:39]} 31. Ba3 {[%clk 0:31:46]} Qb1+
{[%clk 0:59:53]} 32. Rd1 {[%clk 0:30:57]} Qxa2 {[%clk 0:57:36]} 33. Rd7
{[%clk 0:30:21]} Qa1+ {[%clk 0:56:33]} 34. Kh2 {[%clk 0:30:09]} Qxe5
{[%clk 0:55:09]} 35. Rxb7 {[%clk 0:30:16]} Rc3 {[%clk 0:54:25]} 36. Qf8+
{[%clk 0:28:53]} Kh7 {[%clk 0:54:38]} 37. Qxg7+ {[%clk 0:29:17]} Qxg7
{[%clk 0:54:41]} 38. Rxg7+ {[%clk 0:29:41]} Kxg7 {[%clk 0:54:56]} 39. Bb2
{[%clk 0:30:05]} Kf6 {[%clk 0:54:46]} 40. Bxc3+ {[%clk 0:30:22]} e5
{[%clk 0:54:38]} 41. g4 {[%clk 0:30:31]} a6 {[%clk 0:54:19]} 42. b4
{[%clk 0:30:55]} b5 {[%clk 0:54:25]} 43. Bd2 {[%clk 0:31:10]} Kg6
{[%clk 0:54:49]} 44. h5+ {[%clk 0:31:26]} Kg7 {[%clk 0:54:15]} 45. g5
{[%clk 0:31:42]} 1-0

[Event "EUYCC 2025 - U10"]
[Site "?"]
[Date "2025.08.20"]
[Round "2.14"]
[White "Zlamal, Jakub"]
[Black "Khichane, Selena"]
[Result "0-1"]
[BlackElo "1528"]
[WhiteElo "1441"]
[LiveChessVersion "1.4.8"]

1. e4 {[%clk 1:30:58]} e5 {[%clk 1:30:52]} 2. Nf3 {[%clk 1:31:19]} Nf6
{[%clk 1:31:13]} 3. Nc3 {[%clk 1:28:55]} Bb4 {[%clk 1:31:33]} 4. Bc4
{[%clk 1:28:31]} O-O {[%clk 1:30:41]} 5. d3 {[%clk 1:26:35]} d5 {[%clk 1:28:58]}
6. exd5 {[%clk 1:24:35]} Nxd5 {[%clk 1:28:56]} 7. Bd2 {[%clk 1:24:47]} Nxc3
{[%clk 1:28:21]} 8. Bxc3 {[%clk 1:24:45]} Bxc3+ {[%clk 1:28:13]} 9. bxc3
{[%clk 1:24:59]} Nc6 {[%clk 1:27:54]} 10. O-O {[%clk 1:24:11]} Bg4
{[%clk 1:27:49]} 11. h3 {[%clk 1:23:54]} Bh5 {[%clk 1:27:46]} 12. Re1
{[%clk 1:23:44]} Qf6 {[%clk 1:26:07]} 13. Bd5 {[%clk 1:22:41]} Rad8
{[%clk 1:22:31]} 14. Be4 {[%clk 1:22:45]} Rfe8 {[%clk 1:19:03]} 15. Rb1
{[%clk 1:18:54]} b6 {[%clk 1:17:03]} 16. Re3 {[%clk 1:16:44]} Ne7
{[%clk 1:11:55]} 17. Qe1 {[%clk 1:09:38]} Bxf3 {[%clk 1:00:03]} 18. Bxf3
{[%clk 1:06:26]} Nf5 {[%clk 0:59:02]} 19. Re4 {[%clk 1:02:08]} Nd6
{[%clk 0:56:02]} 20. Re2 {[%clk 1:01:52]} h6 {[%clk 0:44:19]} 21. Bc6
{[%clk 0:59:16]} Re6 {[%clk 0:43:22]} 22. Rd1 {[%clk 0:54:37]} Nc4
{[%clk 0:35:00]} 23. Ba4 {[%clk 0:51:37]} Nb2 {[%clk 0:33:56]} 24. Bb3
{[%clk 0:51:41]} Nxd1 {[%clk 0:30:59]} 25. Bxe6 {[%clk 0:51:07]} Qxe6
{[%clk 0:29:47]} 26. Qxd1 {[%clk 0:51:18]} Qxa2 {[%clk 0:29:27]} 27. Rxe5
{[%clk 0:48:56]} Qb2 {[%clk 0:29:35]} 28. Qd2 {[%clk 0:48:41]} a5
{[%clk 0:29:30]} 29. Re3 {[%clk 0:48:19]} a4 {[%clk 0:29:38]} 30. Rg3
{[%clk 0:48:34]} Kh8 {[%clk 0:28:46]} 31. Qf4 {[%clk 0:48:47]} Qxc3
{[%clk 0:25:19]} 32. Qxa4 {[%clk 0:47:25]} Qe1+ {[%clk 0:25:31]} 33. Kh2
{[%clk 0:47:26]} Qxf2 {[%clk 0:25:07]} 34. Qa1 {[%clk 0:47:17]} f6
{[%clk 0:24:08]} 35. Qc3 {[%clk 0:46:57]} c5 {[%clk 0:21:48]} 36. Qa3
{[%clk 0:44:59]} Qxc2 {[%clk 0:16:06]} 37. Qa7 {[%clk 0:44:33]} Rg8
{[%clk 0:15:30]} 38. Qxb6 {[%clk 0:44:20]} Qc3 {[%clk 0:14:14]} 39. Qd6
{[%clk 0:43:00]} Qd4 {[%clk 0:13:34]} 40. Qe6 {[%clk 0:41:52]} Qf4
{[%clk 0:11:55]} 41. Qe7 {[%clk 0:41:02]} Qe5 {[%clk 0:11:48]} 42. Qa7
{[%clk 0:40:36]} f5 {[%clk 0:11:38]} 43. Qf7 {[%clk 0:40:27]} g5 {[%clk 0:10:18]}
44. Qh5 {[%clk 0:40:13]} Kh7 {[%clk 0:10:15]} 45. Qf7+ {[%clk 0:40:01]} Rg7
{[%clk 0:10:40]} 46. Qh5 {[%clk 0:38:28]} f4 {[%clk 0:10:23]} 47. Rf3
{[%clk 0:37:14]} Qe6 {[%clk 0:07:48]} 48. Kh1 {[%clk 0:33:46]} Qg6
{[%clk 0:06:12]} 49. Qg4 {[%clk 0:32:22]} h5 {[%clk 0:06:06]} 50. Qc8
{[%clk 0:32:18]} g4 {[%clk 0:05:29]} 51. hxg4 {[%clk 0:32:21]} hxg4
{[%clk 0:05:18]} 52. Rxf4 {[%clk 0:32:37]} Qh6+ {[%clk 0:05:17]} 53. Kg1
{[%clk 0:32:41]} Qxf4 {[%clk 0:05:32]} 54. Qxc5 {[%clk 0:33:03]} Qg5
{[%clk 0:04:28]} 55. Qc2 {[%clk 0:33:11]} g3 {[%clk 0:04:30]} 56. d4+
{[%clk 0:35:58]} Qg6 {[%clk 0:04:58]} 57. Qe2 {[%clk 0:35:49]} Qb1+
{[%clk 0:05:11]} 58. Qf1 {[%clk 0:34:24]} Qxf1+ {[%clk 0:05:27]} 59. Kxf1
{[%clk 0:34:43]} Rd7 {[%clk 0:05:53]} 60. Ke2 {[%clk 0:34:58]} Rxd4
{[%clk 0:06:13]} 61. Ke3 {[%clk 0:33:57]} Rg4 {[%clk 0:06:23]} 62. Kf3
{[%clk 0:33:16]} Rg8 {[%clk 0:06:30]} 63. Kf4 {[%clk 0:33:04]} Kh6
{[%clk 0:06:41]} 64. Kf5 {[%clk 0:33:26]} Kh5 {[%clk 0:06:47]} 65. Kf4
{[%clk 0:33:22]} Kh4 {[%clk 0:07:10]} 66. Kf3 {[%clk 0:33:24]} Rf8+
{[%clk 0:07:33]} 67. Ke3 {[%clk 0:33:36]} Rf2 {[%clk 0:09:42]} 68. Ke4
{[%clk 0:34:16]} Rxg2 {[%clk 0:09:53]} 69. Kf3 {[%clk 0:34:23]} Kh3
{[%clk 0:10:13]} 70. Kf4 {[%clk 0:34:30]} Rf2+ {[%clk 0:10:31]} 71. Ke4
{[%clk 0:34:22]} g2 {[%clk 0:10:55]} 72. Ke3 {[%clk 0:34:05]} g1=Q
{[%clk 0:11:16]} 73. Ke4 {[%clk 0:34:25]} Qe1+ {[%clk 0:11:38]} 74. Kd4
{[%clk 0:34:12]} Rd2+ {[%clk 0:12:04]} 75. Kc4 {[%clk 0:34:29]} Qc1+
{[%clk 0:12:27]} 76. Kb4 {[%clk 0:34:10]} Rb2+ {[%clk 0:12:49]} 77. Ka4
{[%clk 0:34:35]} Qa1# {[%clk 0:13:14]} 0-1

[Event "EUYCC 2025 - U10"]
[Site "?"]
[Date "2025.08.20"]
[Round "2.16"]
[White "Bartosova, Emma"]
[Black "Szczurek, Julia"]
[Result "0-1"]
[BlackElo "1479"]
[WhiteElo "1409"]
[LiveChessVersion "1.4.8"]

1. e4 {[%clk 1:30:59]} e5 {[%clk 1:30:54]} 2. d4 {[%clk 1:31:25]} exd4
{[%clk 1:31:20]} 3. Qxd4 {[%clk 1:31:47]} Nc6 {[%clk 1:31:45]} 4. Qe3
{[%clk 1:32:08]} Nf6 {[%clk 1:31:51]} 5. Bc4 {[%clk 1:31:26]} Be7
{[%clk 1:28:29]} 6. Nc3 {[%clk 1:29:33]} O-O {[%clk 1:25:59]} 7. Bd2
{[%clk 1:29:10]} Re8 {[%clk 1:23:44]} 8. O-O-O {[%clk 1:28:15]} Bb4
{[%clk 1:20:43]} 9. f4 {[%clk 1:25:34]} Bxc3 {[%clk 1:19:25]} 10. Bxc3
{[%clk 1:24:11]} Nxe4 {[%clk 1:16:10]} 11. g4 {[%clk 1:10:44]} d6
{[%clk 1:11:34]} 12. f5 {[%clk 1:08:29]} Bd7 {[%clk 1:09:46]} 13. h4
{[%clk 1:01:30]} Nxc3 {[%clk 1:05:36]} 14. Qxc3 {[%clk 0:59:08]} Ne5
{[%clk 1:03:26]} 15. Be2 {[%clk 0:51:39]} Bc6 {[%clk 1:00:16]} 16. Rh2
{[%clk 0:49:02]} Be4 {[%clk 0:57:59]} 17. Qe3 {[%clk 0:47:47]} d5
{[%clk 0:55:00]} 18. Rf1 {[%clk 0:46:57]} Qd6 {[%clk 0:52:01]} 19. Rff2 Qc6
{[%clk 0:51:52]} 20. Qc3 {[%clk 0:39:17]} Qb6 {[%clk 0:50:57]} 21. h5
{[%clk 0:36:20]} d4 {[%clk 0:50:55]} 22. Qd2 {[%clk 0:32:43]} Qc6
{[%clk 0:49:46]} 23. Kb1 {[%clk 0:32:47]} Rad8 {[%clk 0:47:43]} 24. h6
{[%clk 0:32:05]} d3 {[%clk 0:47:18]} 25. cxd3 {[%clk 0:31:26]} Nxd3
{[%clk 0:46:36]} 26. Bxd3 {[%clk 0:31:35]} Rxd3 {[%clk 0:46:49]} 27. Qc1
{[%clk 0:29:29]} Rd1+ {[%clk 0:47:00]} 28. Rc2 {[%clk 0:29:50]} Rxc1+
{[%clk 0:47:24]} 29. Kxc1 {[%clk 0:29:54]} Bxc2 {[%clk 0:47:41]} 30. Rxc2
{[%clk 0:29:20]} Re1+ {[%clk 0:47:55]} 31. Kd2 {[%clk 0:29:22]} Qe4
{[%clk 0:47:00]} 32. Kc3 {[%clk 0:29:05]} Qe3+ {[%clk 0:47:08]} 33. Kb4
{[%clk 0:29:15]} Qb6+ {[%clk 0:46:56]} 34. Kc3 {[%clk 0:29:19]} Re3+
{[%clk 0:47:12]} 35. Kc4 {[%clk 0:29:05]} Qc6+ {[%clk 0:47:25]} 36. Kd4
{[%clk 0:29:02]} Re4+ {[%clk 0:47:46]} 37. Kd3 {[%clk 0:28:49]} Qd5+
{[%clk 0:48:07]} 38. Kc3 {[%clk 0:29:03]} Rc4+ {[%clk 0:48:32]} 39. Kb3
{[%clk 0:28:20]} Qb5+ {[%clk 0:48:56]} 40. Ka3 {[%clk 0:27:45]} Qb4#
{[%clk 0:49:15]} 0-1

[Event "EUYCC 2025 - U10"]
[Site "?"]
[Date "2025.08.21"]
[Round "3.1"]
[White "Vinet, Matelo"]
[Black "Hlavacek, Pavel"]
[Result "1/2-1/2"]
[BlackElo "1923"]
[WhiteElo "1708"]
[LiveChessVersion "1.4.8"]

1. e4 {[%clk 1:30:58]} c6 {[%clk 1:30:53]} 2. d4 {[%clk 1:30:42]} d5
{[%clk 1:31:15]} 3. e5 {[%clk 1:30:52]} c5 {[%clk 1:31:35]} 4. dxc5
{[%clk 1:31:13]} e6 {[%clk 1:31:32]} 5. a3 {[%clk 1:31:25]} a5 {[%clk 1:23:29]}
6. Be3 {[%clk 1:19:58]} Ne7 {[%clk 1:16:58]} 7. f4 {[%clk 1:12:22]} Nf5
{[%clk 1:07:51]} 8. Bf2 {[%clk 1:12:42]} Qc7 {[%clk 1:05:22]} 9. Nc3
{[%clk 1:04:21]} Bxc5 {[%clk 0:55:47]} 10. Qd2 {[%clk 1:01:27]} Bd7
{[%clk 0:34:09]} 11. O-O-O {[%clk 0:56:19]} Na6 {[%clk 0:27:38]} 12. Bd3
{[%clk 0:54:45]} Nh6 {[%clk 0:26:20]} 13. h3 {[%clk 0:50:00]} Qb6
{[%clk 0:17:29]} 14. Bxc5 {[%clk 0:47:53]} Nxc5 {[%clk 0:15:39]} 15. Nf3
{[%clk 0:46:54]} Rc8 {[%clk 0:12:46]} 16. Kb1 {[%clk 0:44:53]} Nxd3
{[%clk 0:10:24]} 17. Qxd3 {[%clk 0:45:12]} Nf5 {[%clk 0:08:39]} 18. Rhe1
{[%clk 0:43:38]} O-O {[%clk 0:05:24]} 19. g4 {[%clk 0:43:39]} Ne7
{[%clk 0:05:41]} 20. h4 {[%clk 0:42:46]} Rc4 {[%clk 0:05:02]} 21. Ne2
{[%clk 0:34:17]} Rfc8 {[%clk 0:04:31]} 22. Rc1 {[%clk 0:31:44]} Qa6
{[%clk 0:02:04]} 23. Qd2 {[%clk 0:27:20]} b5 {[%clk 0:01:46]} 24. b3
{[%clk 0:27:26]} R4c7 {[%clk 0:01:29]} 25. Nfd4 {[%clk 0:22:17]} Nc6
{[%clk 0:01:12]} 26. Nxc6 {[%clk 0:22:11]} Rxc6 {[%clk 0:01:29]} 27. h5
{[%clk 0:21:57]} b4 {[%clk 0:00:59]} 28. a4 {[%clk 0:22:19]} Rb6 {[%clk 0:01:04]}
29. Qd3 {[%clk 0:21:36]} Qxd3 {[%clk 0:01:21]} 30. cxd3 {[%clk 0:21:59]} Rbc6
{[%clk 0:01:37]} 31. Rxc6 {[%clk 0:22:12]} Rxc6 {[%clk 0:01:58]} 32. Rc1
{[%clk 0:22:32]} f6 {[%clk 0:01:53]} 33. Rxc6 {[%clk 0:22:11]} Bxc6
{[%clk 0:02:17]} 34. Nd4 {[%clk 0:21:24]} Bd7 {[%clk 0:02:42]} 35. Nf3
{[%clk 0:21:19]} Kf7 {[%clk 0:02:24]} 36. Kc2 {[%clk 0:21:20]} Ke7
{[%clk 0:02:10]} 37. Kd2 {[%clk 0:21:07]} Be8 {[%clk 0:01:51]} 38. Nd4
{[%clk 0:20:37]} g5 {[%clk 0:01:21]} 39. Ke3 {[%clk 0:19:10]} Bd7
{[%clk 0:01:01]} 40. Kf3 {[%clk 0:18:55]} fxe5 {[%clk 0:00:32]} 41. fxe5
{[%clk 0:19:15]} h6 {[%clk 0:00:53]} 42. Ke3 {[%clk 0:19:16]} Be8
{[%clk 0:01:05]} 43. Nf3 {[%clk 0:19:24]} Kd7 {[%clk 0:01:16]} 44. Kd4
{[%clk 0:19:47]} Kc6 {[%clk 0:01:40]} 45. Nd2 {[%clk 0:19:58]} Bd7
{[%clk 0:01:38]} 46. Nf3 {[%clk 0:19:45]} Be8 {[%clk 0:01:47]} 47. Ke3
{[%clk 0:19:30]} Kc5 {[%clk 0:01:42]} 48. Nd4 {[%clk 0:19:40]} Bd7
{[%clk 0:01:52]} 49. Nf3 {[%clk 0:18:28]} Be8 {[%clk 0:00:49]} 50. d4+
{[%clk 0:18:48]} Kc6 {[%clk 0:01:02]} 1/2-1/2

[Event "EUYCC 2025 - U10"]
[Site "?"]
[Date "2025.08.21"]
[Round "3.2"]
[White "Perouin, Simon"]
[Black "Sirbu, Filip"]
[Result "1-0"]
[BlackElo "1697"]
[WhiteElo "1861"]
[LiveChessVersion "1.4.8"]

1. e4 {[%clk 1:30:55]} c6 {[%clk 1:30:36]} 2. d4 {[%clk 1:31:14]} d5
{[%clk 1:30:58]} 3. exd5 {[%clk 1:31:24]} cxd5 {[%clk 1:31:18]} 4. Bd3
{[%clk 1:31:20]} Nc6 {[%clk 1:31:12]} 5. c3 {[%clk 1:31:19]} Qc7 {[%clk 1:31:30]}
6. Ne2 {[%clk 1:25:55]} Bg4 {[%clk 1:30:54]} 7. Bf4 {[%clk 1:19:27]} Qxf4
{[%clk 1:21:21]} 8. Nxf4 {[%clk 1:19:39]} Bxd1 {[%clk 1:21:44]} 9. Kxd1
{[%clk 1:20:02]} e6 {[%clk 1:20:52]} 10. Re1 {[%clk 1:18:06]} Nf6
{[%clk 1:19:50]} 11. Nd2 {[%clk 1:15:23]} Bd6 {[%clk 1:17:22]} 12. Nh3
{[%clk 1:08:40]} Rc8 {[%clk 1:12:02]} 13. f4 {[%clk 1:06:12]} O-O
{[%clk 1:02:20]} 14. Nf3 {[%clk 1:02:05]} a6 {[%clk 0:58:30]} 15. Ne5
{[%clk 0:56:58]} Na5 {[%clk 0:49:49]} 16. Kd2 {[%clk 0:49:08]} Nc4+
{[%clk 0:47:01]} 17. Bxc4 {[%clk 0:47:11]} dxc4 {[%clk 0:47:30]} 18. Nf2
{[%clk 0:45:29]} b5 {[%clk 0:45:32]} 19. Ne4 {[%clk 0:44:00]} Nxe4+
{[%clk 0:43:28]} 20. Rxe4 {[%clk 0:44:28]} a5 {[%clk 0:41:34]} 21. g3
{[%clk 0:39:51]} Rfd8 {[%clk 0:39:34]} 22. Nf3 {[%clk 0:38:51]} b4
{[%clk 0:37:43]} 23. Kc2 {[%clk 0:37:23]} Rd7 {[%clk 0:32:43]} 24. Ree1
{[%clk 0:37:13]} Rb7 {[%clk 0:31:54]} 25. Reb1 {[%clk 0:35:42]} Kf8
{[%clk 0:31:24]} 26. a3 {[%clk 0:34:01]} Ke7 {[%clk 0:29:36]} 27. axb4
{[%clk 0:33:44]} axb4 {[%clk 0:30:01]} 28. Ra6 {[%clk 0:32:04]} Rcc7
{[%clk 0:25:57]} 29. Rba1 {[%clk 0:30:44]} Rc8 {[%clk 0:22:37]} 30. Ra8
{[%clk 0:25:50]} Rcc7 {[%clk 0:20:29]} 31. R1a6 {[%clk 0:25:10]} Rd7
{[%clk 0:20:23]} 32. Rc6 {[%clk 0:24:16]} Rdc7 {[%clk 0:18:54]} 33. Rc8
{[%clk 0:24:28]} Rxc8 {[%clk 0:18:50]} 34. Rxc8 {[%clk 0:24:51]} bxc3
{[%clk 0:18:04]} 35. bxc3 {[%clk 0:25:10]} Rc7 {[%clk 0:18:29]} 36. Rxc7+
{[%clk 0:25:34]} Bxc7 {[%clk 0:18:59]} 37. Nd2 {[%clk 0:26:02]} Kd6
{[%clk 0:18:36]} 38. Nxc4+ Kd5 39. Nd2 {[%clk 0:26:59]} f6 {[%clk 0:18:49]} 40.
Kd3 {[%clk 0:27:07]} Bb6 {[%clk 0:17:48]} 41. c4+ {[%clk 0:18:16]} Kc6
{[%clk 0:16:51]} 42. c5 {[%clk 0:18:22]} Bc7 {[%clk 0:16:26]} 43. Kc4 h5 44. Nf3
{[%clk 0:15:26]} Ba5 {[%clk 0:15:51]} 45. f5 {[%clk 0:13:16]} exf5
{[%clk 0:13:29]} 46. Nh4 {[%clk 0:13:32]} f4 {[%clk 0:13:26]} 47. gxf4
{[%clk 0:14:00]} g5 {[%clk 0:13:09]} 48. d5+ {[%clk 0:12:37]} Kd7
{[%clk 0:13:17]} 49. c6+ {[%clk 0:12:57]} Kc7 {[%clk 0:12:29]} 50. Kb5
{[%clk 0:06:49]} Bd2 {[%clk 0:11:45]} 51. Nf5 {[%clk 0:05:21]} Bxf4
{[%clk 0:11:21]} 52. d6+ {[%clk 0:05:46]} Bxd6 {[%clk 0:07:37]} 53. Nxd6
{[%clk 0:04:56]} Kxd6 {[%clk 0:07:59]} 54. Kb6 {[%clk 0:05:22]} f5
{[%clk 0:08:18]} 55. c7 {[%clk 0:05:50]} f4 {[%clk 0:08:39]} 56. c8=Q
{[%clk 0:06:06]} f3 {[%clk 0:09:07]} 57. Qf8+ {[%clk 0:06:27]} 1-0